000 00319nam a2200145Ia 4500
008 230718s9999 xx 000 0 und d
041 _aEng.
082 _a831
_bKEL-T
100 _aKellow, Agnely
245 0 _aToxic Risk
260 _aPakistan
_bCambridge Pos
_c1999
300 _a222
650 _aLaw
999 _c26147
_d26147